Jimmie Durham / (Record no. 606)

MARC details
000 -LEADER
campo de control de longitud fija 01853cam a2200349 a 4500
001 - NÚMERO DE CONTROL
campo de control 5017458
005 - FECHA Y HORA DE LA ÚLTIMA TRANSACCIÓN
campo de control 20220326193324.0
008 - DATOS DE LONGITUD FIJA--INFORMACIÓN GENERAL
campo de control de longitud fija 041108s2004 it a 000 0 ita c
020 ## - NÚMERO INTERNACIONAL ESTÁNDAR DEL LIBRO
Número Internacional Estándar del Libro 8881584921
035 ## - NÚMERO DE CONTROL DEL SISTEMA
Número de control de sistema (NNC)5017458
035 ## - NÚMERO DE CONTROL DEL SISTEMA
Número de control de sistema (OCoLC)ocm56932712
040 ## - FUENTE DE CATALOGACIÓN
Centro catalogador/agencia de origen PUL
Centro/agencia transcriptor PUL
Centro/agencia modificador C3L
-- EYE
-- OKS
-- BAKER
041 0# - CÓDIGO DE IDIOMA
Código de lengua del texto/banda sonora o título independiente ita
-- eng
042 ## - CÓDIGO DE AUTENTICACIÓN
Código de autenticación pcc
043 ## - CÓDIGO DE ÁREA GEOGRÁFICA
Código de área geográfica e-it---
045 ## - PERIODO DE TIEMPO DEL CONTENIDO
Código de periodo de tiempo x4x-
082 04 - NÚMERO DE LA CLASIFICACIÓN DECIMAL DEWEY
Número de clasificación 708
Número de ítem D961j
100 ## - ENTRADA PRINCIPAL--NOMBRE DE PERSONA
Nombre de persona Boeri, Stefano.
9 (RLIN) 2710
245 00 - MENCIÓN DEL TÍTULO
Título Jimmie Durham /
Mención de responsabilidad, etc. testi di / texts by Stefano Boeri ... [et al.].
260 ## - PUBLICACIÓN, DISTRIBUCIÓN, ETC.
Lugar de publicación, distribución, etc. Milano :
Nombre del editor, distribuidor, etc. Charta ;
Lugar de publicación, distribución, etc. Como :
Nombre del editor, distribuidor, etc. Fondazione Antonio Ratti,
Fecha de publicación, distribución, etc. 2004.
300 ## - DESCRIPCIÓN FÍSICA
Extensión 158 p. :
Otras características físicas ill. (some col.) ;
Dimensiones 21 cm.
490 1# - MENCIÓN DE SERIE
Mención de serie Quaderni del Corso superiore di arte visiva =
-- Advanced course in visual arts publications ;
Designación de volumen o secuencia 9
505 ## - NOTA DE CONTENIDO CON FORMATO
Título Dieci anni
-- Ten Years
-- Insegnare arte, Fare arte
-- Teaching Art, Making Art
-- In seconda battuta
-- Second thoughts
-- Valore Durham
-- Flying Durham
-- Stones rejected by the Builder
-- Surely we will be confused
-- Surely we will be confused
-- Eyes wide open
-- Eyes wide open
-- Mostra di fine corso degli allievo en of course student exhibition
-- Coferenze/Lectures
-- Pietre scartate dal costruttore
-- stone rejected by builder
-- l`opera buona e giusta. Meccanismi di scissione e paradossi dell`arte relazionale
-- The good and righteous work: Mecanisms of splitting and paradoxes in relational Art
-- Spazi espositivi e condizione urbana
-- Exhibition Spaces and the urban condition
546 ## - NOTA DE IDIOMA
Nota de lengua/lenguaje Parallel text in Italian and English.
600 10 - PUNTO DE ACCESO ADICIONAL DE MATERIA--NOMBRE DE PERSONA
Nombre de persona Durham, Jimmie.
9 (RLIN) 2711
650 #0 - PUNTO DE ACCESO ADICIONAL DE MATERIA--TÉRMINO DE MATERIA
Término de materia o nombre geográfico como elemento de entrada Art, Modern
Subdivisión cronológica 21st century
Subdivisión de forma Exhibitions.
9 (RLIN) 442
650 #0 - PUNTO DE ACCESO ADICIONAL DE MATERIA--TÉRMINO DE MATERIA
Término de materia o nombre geográfico como elemento de entrada Art
Subdivisión general Study and teaching
Subdivisión geográfica Italy
-- Como.
9 (RLIN) 2712
700 1# - ENTRADA AGREGADA--NOMBRE PERSONAL
Nombre de persona Boeri, Stefano.
9 (RLIN) 2713
830 #0 - PUNTO DE ACCESO ADICIONAL DE SERIE-TÍTULO UNIFORME
Título uniforme Quaderni del Corso superiore di arte visiva ;
Designación de volumen o secuencia 9.
9 (RLIN) 2714
948 1# - PROCESAMIENTO DE INFORMACIÓN LOCAL (OCLC); DESIGNADOR DE PARTE DE LA SERIE (RLIN)
Designador de la parte de la serie, SPT (RLIN) 20061117
b (OCLC) c
c (OCLC) rhg9
d (OCLC) SCMC
Holdings
Estatus retirado Estado de pérdida Fuente del sistema de clasificación o colocación Estado de daño No para préstamo Biblioteca de origen Biblioteca actual Ubicación en estantería Fecha de adquisición Total de préstamos Signatura topográfica completa Código de barras Visto por última vez Precio de reemplazo Tipo de ítem Koha
    Clasificación Decimal Dewey     Biblioteca LadoV Biblioteca LadoV   20/05/2015   708 D961j 000744 20/05/2015 20/05/2015 Material 01